000 00386nam a2200157Ia 4500
003 Ost
005 20260225132600.0
008 260225s9999||||xx |||||||||||||| ||und||
040 _cfsic
041 _afre
082 _a70.4
100 _aBrahim brahimi
_eAuteur
245 0 _aLE POUVOIR, LA PRESSE ET LES DROITS DE L'HOMME EN ALGERIE /
245 0 _cBrahim brahimi
942 _cكتاب
999 _c34685
_d34685